[Event "OS INCLIVES"]
[Site "http://www.queenalice.com/game.php?id=1503403"]
[Date "2017.11.13"]
[Round "-"]
[White "adelio"]
[Black "Orm34"]
[Result "0-1"]
[WhiteElo "1592"]
[BlackElo "1260"]

1. d4 g6 2. c4 Bg7 3. e4 b6 4. Nc3 Bb7 5. d5 d6 6. Nf3 Nd7 7. Ng5 c6 8. Nxf7
Kxf7 9. Qf3+ Ngf6 10. Bf4 Re8 11. Be2 Rc8 12. g4 Kg8 13. h4 Nf8 14. Bg5 Qd7 15.
h5 Qxg4 16. Bxf6 Qxf3 17. Bxf3 exf6 18. hxg6 hxg6 19. O-O-O Ba6 20. b3 Bb7 21.
Rh3 Rc7 22. Rdh1 Bc8 23. R3h2 Re5 24. Ne2 cxd5 25. Ng3 dxc4 26. b4 a5 27. Nh5
Bh6+ 28. Kc2 gxh5 29. Bxh5 Bg7 30. Be8 Rxe8 31. f3 axb4 32. Rg2 Re5 33. Rh6 Kf7
34. Rhh2 Ra5 35. Kd1 Ra3 36. Rf2 b3 37. axb3 Ra1+ 38. Ke2 Ra2+ 39. Kf1 Rxf2+ 40.
Kxf2 c3 41. Rh1 c2 42. Rc1 Bh6 43. Rxc2 Rxc2+ 44. Kg3 Ng6 45. b4 Bf4# 0-1

[Event "OS INCLIVEIS"]
[Site "http://www.queenalice.com/game.php?id=1503404"]
[Date "2017.11.13"]
[Round "-"]
[White "Orm34"]
[Black "adelio"]
[Result "1-0"]
[WhiteElo "1203"]
[BlackElo "1553"]

1. d4 d5 2. c4 e6 3. Nc3 Be7 4. Nf3 Nd7 5. Qc2 g6 6. Bf4 h5 7. h3 h4 8. cxd5 Nf8
9. e4 Nh6 10. Bd3 f5 11. O-O-O a6 12. Rhe1 b5 13. Kb1 Ra7 14. Ne5 Bb7 15. Qb3
Nf7 16. Nxf7 Kxf7 17. dxe6+ Nxe6 18. exf5 gxf5 19. Qxe6+ Kg7 20. Be5+ Bf6 21.
Qxf5 Rh6 22. Qg5+ Kf7 23. Qxh6 Bxe5 24. Bg6+ Kg8 25. Qh7+ Kf8 26. Qf7# 1-0

[Event "Challenge"]
[Site "http://www.queenalice.com/game.php?id=1504087"]
[Date "2017.11.17"]
[Round "-"]
[White "laSolitude"]
[Black "Orm34"]
[Result "0-1"]
[WhiteElo "1375"]
[BlackElo "1150"]

1. e4 e6 2. d4 d5 3. e5 c5 4. Nf3 Nc6 5. Bb5 Bd7 6. Bxc6 Bxc6 7. O-O Ne7 8. dxc5
a5 9. Re1 Nf5 10. Nd4 Bxc5 11. Nxf5 exf5 12. Be3 d4 0-1

[Event "Challenge"]
[Site "http://www.queenalice.com/game.php?id=1506882"]
[Date "2017.12.4"]
[Round "-"]
[White "elisa"]
[Black "Orm34"]
[Result "0-1"]
[WhiteElo "1278"]
[BlackElo "1313"]

1. e4 e6 2. d4 d5 3. Bd3 c5 4. Nf3 Nc6 5. Be3 Qb6 6. Nc3 Nge7 7. Na4 Qb4+ 8. Nc3
Bd7 9. dxc5 e5 10. O-O d4 11. a3 Qxc5 12. Rb1 dxe3 13. b4 exf2+ 14. Kh1 Qd6 15.
Nb5 Qb8 16. Rxf2 a6 17. Nc3 h6 18. Nd5 Qd8 19. Nb6 Qxb6 20. Rf1 Qc7 21. Bc4 Nd8
22. Nh4 Qxc4 23. Rf2 Ng8 24. Qd2 Nf6 25. Nf3 Nxe4 26. Qe3 Nxf2+ 27. Qxf2 Nc6 28.
Re1 f6 29. Qb6 Rb8 30. Qc7 Be7 31. h3 Qd5 32. Kh2 Bd8 33. Qxb8 Nxb8 34. Rc1 Bc6
35. c4 Qe4 36. Kg3 Qf4+ 37. Kf2 e4 38. Rc3 Kf7 39. Ke2 Re8 40. Kd1 Ba4+ 41. Ke1
Qg3+ 42. Ke2 exf3+ 43. Kd2 Re2+ 44. Kd3 Qg6+ 45. Kd4 Qe4+ 46. Kc5 f2 47. Rc1 Re1
48. Rc3 f1=Q 49. Rg3 Qef5+ 50. Kd4 Q5f4+ 51. Kd5 Q4xc4+ 0-1

[Event "Challenge"]
[Site "http://www.queenalice.com/game.php?id=1511442"]
[Date "2018.1.12"]
[Round "-"]
[White "Orm34"]
[Black "renocharlier"]
[Result "1-0"]
[WhiteElo "1314"]
[BlackElo "1384"]

1. d4 d5 2. c4 c5 3. Bg5 cxd4 4. Qxd4 Nc6 5. Qd2 dxc4 6. Qxd8+ Nxd8 7. Nc3 g6 8.
Nb5 Ne6 9. Rd1 Bd7 10. Nc7+ Nxc7 11. e3 O-O-O 12. Bxc4 h6 13. Bf4 Be6 14. Rc1
Rd7 15. Bb5 Rd5 16. Rxc7+ Kb8 17. Nf3 Rxb5 18. Rc5+ Ka8 19. Rxb5 Bc8 20. Rd5 a6
21. Rd8 e6 22. Rxc8+ Ka7 23. Rxf8 f6 24. e4 e5 25. Be3+ b6 26. Ke2 a5 27. Rd1 g5
28. Rd6 Ka6 29. Rxb6+ Ka7 30. Rb3+ Ka6 31. Ra8# 1-0

[Event "Challenge"]
[Site "http://www.queenalice.com/game.php?id=1511443"]
[Date "2018.1.12"]
[Round "-"]
[White "renocharlier"]
[Black "Orm34"]
[Result "1-0"]
[WhiteElo "1369"]
[BlackElo "1337"]

1. e4 e6 2. Nc3 d5 3. e5 d4 4. Ne4 c5 5. Bc4 Nc6 6. f4 Be7 7. Nf3 Rb8 8. Qe2 a6
9. c3 Nb4 10. O-O dxc3 11. Nd6+ Bxd6 12. bxc3 b5 13. Bxb5+ axb5 14. cxb4 Be7 15.
Bb2 cxb4 16. f5 f6 17. fxe6 Qb6+ 18. Rf2 Qxe6 19. g3 Kf7 20. Ng5+ 1-0

[Event "OS INCLIVES"]
[Site "http://www.queenalice.com/game.php?id=1511813"]
[Date "2018.1.14"]
[Round "-"]
[White "Orm34"]
[Black "adelio"]
[Result "1-0"]
[WhiteElo "1372"]
[BlackElo "1490"]

1. d4 d5 2. c4 e6 3. Nc3 Be7 4. e4 Nd7 5. Bf4 Nf8 6. Nf3 Ng6 7. Bg3 h5 8. h3 Nh6
9. Bd3 c5 10. O-O Ng4 11. hxg4 hxg4 12. Ne5 Nxe5 13. Bxe5 f6 14. Bg3 Kf7 15.
Qxg4 e5 16. Qf3 cxd4 17. Nxd5 Rh6 18. Bxe5 Be6 19. Bxd4 Bxd5 20. cxd5 Qc7 21. e5
Qd8 22. Be3 Qh8 23. Bxh6 Qxh6 24. e6+ Kg8 25. Qg3 Bc5 26. d6 g5 27. d7 Qf8 28.
Rac1 b6 29. Rc4 Qe7 30. Re1 Rd8 31. Kf1 Bd6 32. Qh3 Qg7 33. Rc8 Be7 34. Rxd8+
Bxd8 35. Rc1 Qe7 36. Rc8 f5 37. Bxf5 b5 38. Rxd8+ Kg7 39. Qh8# 1-0

[Event "Challenge"]
[Site "http://www.queenalice.com/game.php?id=1514761"]
[Date "2018.2.5"]
[Round "-"]
[White "Orm34"]
[Black "colonelkurtz"]
[Result "1-0"]
[WhiteElo "1342"]
[BlackElo "1495"]

1. d4 e6 2. c4 c5 3. Nf3 g6 4. Nc3 cxd4 5. Nxd4 Nf6 6. e4 e5 7. Nf3 d6 8. Be2 a6
9. Be3 Bd7 10. O-O Ng4 11. Nd5 Nxe3 12. Nxe3 Qb6 13. Nd5 Qc6 14. Rc1 Bh6 15. Rc3
f5 16. Nd2 Bxd2 17. Qxd2 fxe4 18. Qg5 1-0

[Event "Challenge"]
[Site "http://www.queenalice.com/game.php?id=1514762"]
[Date "2018.2.5"]
[Round "-"]
[White "BigWally"]
[Black "Orm34"]
[Result "0-1"]
[WhiteElo "1496"]
[BlackElo "1400"]

1. e4 c6 2. Nf3 d5 3. e5 d4 4. Bd3 Qc7 5. O-O Bg4 6. Na3 Bxf3 7. Qxf3 Qxe5 8.
Nc4 Qc7 9. b4 e5 10. Na5 Bxb4 11. Nc4 Nf6 12. c3 Bc5 13. Qg3 O-O 14. Qh3 e4 15.
cxd4 Bxd4 16. Rb1 exd3 17. Qxd3 Rd8 18. Qh3 Rd5 19. a4 Nbd7 20. a5 Rh5 21. Qd3
Qxh2# 0-1

[Event "Challenge"]
[Site "http://www.queenalice.com/game.php?id=1515558"]
[Date "2018.2.10"]
[Round "-"]
[White "Orm34"]
[Black "dejami"]
[Result "1-0"]
[WhiteElo "1455"]
[BlackElo "1623"]

1. d4 c6 2. c4 d6 3. Nf3 f6 4. b4 Qb6 5. a3 Be6 6. d5 cxd5 7. Nd4 Bf7 8. cxd5
Bxd5 9. Qc2 Qxd4 10. Bb2 Qg4 11. Nd2 e5 12. e4 Bc6 13. f3 Qh4+ 14. g3 Qh5 15.
O-O-O Be7 16. b5 Bd7 17. Qc7 Bd8 18. Qxb7 Na6 19. Qxa8 Nc7 20. Qb8 Ne7 21. a4
O-O 22. Qxa7 Nc8 23. Qf2 Ne6 24. Nc4 Be7 25. Ne3 Nb6 26. Nf5 Re8 27. Nxe7+ Rxe7
28. Qxb6 Kf7 29. Qf2 Nd8 30. Bc4+ Be6 31. Bxe6+ Kxe6 32. Ba3 Rd7 33. Rxd6+ Rxd6
34. Bxd6 Kxd6 35. Rd1+ Ke7 36. Qa7+ Ke8 37. Qd7+ Kf8 38. Qxd8+ Kf7 39. Rd7+ Kg6
40. Qe8+ Kh6 41. Qxh5+ Kxh5 42. b6 1-0

[Event "Challenge"]
[Site "http://www.queenalice.com/game.php?id=1515560"]
[Date "2018.2.10"]
[Round "-"]
[White "dejami"]
[Black "Orm34"]
[Result "0-1"]
[WhiteElo "1623"]
[BlackElo "1478"]

1. e4 e6 2. Bc4 d5 3. exd5 exd5 4. Bb3 Nf6 5. f3 b5 6. Ne2 c5 7. c3 Nc6 8. O-O
d4 9. cxd4 cxd4 10. Re1 Be7 11. Qc2 d3 12. Qxc6+ Bd7 13. Qc3 Qb6+ 14. Nd4 Bf5
15. Kh1 Rc8 16. Nxf5 Rxc3 17. Rxe7+ Kd8 18. dxc3 Qf2 19. h3 Qf1+ 20. Kh2 Qxc1
21. Re3 Qxb2 22. Rxd3+ Kc7 23. Nd4 Qxa1 24. Nxb5+ Kb6 25. N1a3 a6 26. Rd1 Qxd1
27. Bxd1 axb5 28. Bb3 Ra8 29. Nc2 Ra7 30. Nd4 Kc5 31. Nf5 Nd5 32. Nxg7 Nxc3 33.
Nf5 Nxa2 34. Nh6 Nc1 35. Bc2 Rd7 36. Ng4 Rd2 37. Be4 b4 38. Ne5 f6 39. Ng4 Nd3
40. Nxf6 b3 41. Nd7+ Kb5 42. Nf6 Nb4 43. Ng4 Nc2 44. Ne5 b2 45. Bc6+ Kc5 46. Ba4
b1=Q 47. Ng4 Qb8+ 48. Kg1 Qg3 0-1

[Event "En Garde!"]
[Site "http://www.queenalice.com/game.php?id=1519409"]
[Date "2018.3.13"]
[Round "-"]
[White "Orm34"]
[Black "Rodrigosm"]
[Result "1-0"]
[WhiteElo "1424"]
[BlackElo "1527"]

1. d4 d5 2. c4 dxc4 3. Nc3 Nc6 4. d5 Ne5 5. e4 Bg4 6. f3 Bh5 7. Bf4 Ng6 8. Bg3
e6 9. Bxc4 Ne5 10. Bxe5 Ne7 11. Qb3 Ng6 12. Bg3 Rb8 13. Qa4+ b5 14. Bxb5+ Rxb5
15. Nxb5 c6 16. dxc6 Be7 17. Rd1 Qb6 18. Nd6+ Bxd6 19. c7+ Ke7 20. Bxd6+ Kf6 21.
e5+ Nxe5 22. Qf4+ Kg6 23. Qg3+ Ng4 24. fxg4 Qa5+ 25. b4 Qxa2 26. gxh5+ Kh6 27.
Bf4+ g5 28. Qxg5# 1-0

[Event "En Garde!"]
[Site "http://www.queenalice.com/game.php?id=1519410"]
[Date "2018.3.13"]
[Round "-"]
[White "Rodrigosm"]
[Black "Orm34"]
[Result "1-0"]
[WhiteElo "1527"]
[BlackElo "1448"]

1. e4 e6 2. Nc3 d5 3. Nf3 c5 4. Bb5+ Bd7 5. O-O Nc6 6. Re1 Be7 7. exd5 exd5 8.
Nxd5 a6 9. Bc4 Be6 10. d3 Bxd5 11. Ng5 Bxc4 12. Qf3 Be6 13. Ne4 Nf6 14. Ng5 O-O
15. Rxe6 Nd4 16. Nxf7 Nxf3+ 17. gxf3 Rxf7 18. Bf4 Nh5 19. Be3 Rxf3 20. Bxc5 Bxc5
21. Rae1 Bxf2+ 22. Kf1 Bxe1+ 23. Kxe1 Qg5 24. d4 Qh4+ 25. Ke2 Qf2+ 26. Kd1 Rd8
27. Re2 Rxd4+ 28. Kc1 Qf1+ 29. Re1 Nf4 30. b3 Ne2+ 31. Kb2 Qxe1 32. Ka3 1-0

[Event "Challenge"]
[Site "http://www.queenalice.com/game.php?id=1523414"]
[Date "2018.4.13"]
[Round "-"]
[White "gruppodilavoro"]
[Black "Orm34"]
[Result "0-1"]
[WhiteElo "1698"]
[BlackElo "1428"]

1. e4 e6 2. d4 d5 3. e5 c5 4. Nf3 Qb6 5. Bd3 cxd4 6. Nxd4 Nd7 7. Nf3 Ne7 8. b3
Nc6 9. O-O Bc5 10. Qe2 Nd4 11. Nxd4 Bxd4 12. Nc3 Bxc3 13. Be3 d4 14. Rad1 dxe3
15. Qxe3 Qxe3 16. fxe3 Ba5 17. Bb5 a6 18. Bxd7+ Bxd7 19. Rd3 Bb5 20. c4 Bc6 21.
Rfd1 O-O 22. a3 Rfd8 23. Kf2 Rxd3 24. Rxd3 Rd8 25. Rd4 Bb6 26. c5 Rxd4 27. exd4
Bd8 28. g3 f5 29. exf6 Bxf6 30. Ke3 a5 31. Kd3 Bd5 32. b4 axb4 33. axb4 Kf7 34.
Kc3 Ke7 35. Kd3 Kd7 36. b5 Bg2 37. Ke3 Bf1 38. Ke4 Bxb5 39. h3 Kc6 40. g4 Bc4
41. Kf4 Kd5 42. g5 Bxd4 43. c6 bxc6 44. Kf3 e5 45. g6 h6 46. Kg4 e4 47. Kf5 e3
48. h4 e2 49. h5 Bd3+ 50. Kg4 e1=Q 51. Kh3 Qg1 0-1

[Event "Challenge"]
[Site "http://www.queenalice.com/game.php?id=1523415"]
[Date "2018.4.13"]
[Round "-"]
[White "Orm34"]
[Black "gruppodilavoro"]
[Result "0-1"]
[WhiteElo "1434"]
[BlackElo "1692"]

1. d4 Nf6 2. c4 e6 3. d5 Bb4+ 4. Nc3 Bxc3+ 5. bxc3 O-O 6. Bg5 d6 7. e4 exd5 8.
cxd5 Qe8 9. Bxf6 Qxe4+ 10. Ne2 Bg4 11. f3 Bxf3 12. gxf3 Qxf3 13. Ng3 Qxf6 14.
Ne4 Re8 15. Qe2 Qh4+ 16. Kd1 Rxe4 17. Qd2 Nd7 18. Bd3 Re5 19. Rb1 Nc5 20. Rb4
Qh3 21. Rd4 Qf3+ 22. Kc2 Qxh1 23. Rg4 Qa1 24. Qh6 Qxa2+ 25. Kd1 Re1+ 26. Kxe1
Nxd3+ 27. Kd1 Nf2+ 28. Kc1 Qa1+ 29. Kc2 Qd1+ 30. Kb2 Nd3+ 31. Ka2 Qc2+ 32. Ka3
Qb2+ 33. Ka4 Nc5+ 34. Ka5 Qb6# 0-1

[Event "Challenge"]
[Site "http://www.queenalice.com/game.php?id=1527010"]
[Date "2018.5.11"]
[Round "-"]
[White "amadeo"]
[Black "Orm34"]
[Result "0-1"]
[WhiteElo "1457"]
[BlackElo "1515"]

1. e4 e6 2. Nf3 c5 3. Bc4 d5 4. Bb5+ Nc6 5. Bxc6+ bxc6 6. d3 Be7 7. O-O Nf6 8.
Be3 Qb6 9. b3 Nd7 10. Ng5 O-O 11. Qh5 h6 12. Nh3 Bf6 13. c3 Ba6 14. Rd1 d4 15.
Bd2 Bxd3 16. cxd4 cxd4 17. Nf4 Bxe4 18. f3 Bc2 19. Rc1 d3+ 20. Kh1 Bxa1 21. Nc3
Bb2 22. Rb1 Qf2 23. Ne4 Qd4 24. Nf2 Qxf2 25. Rxb2 Qf1# 0-1

[Event "Let's Play Chess!"]
[Site "http://www.queenalice.com/game.php?id=1532328"]
[Date "2018.6.23"]
[Round "-"]
[White "Orm34"]
[Black "igorjava"]
[Result "0-1"]
[WhiteElo "1583"]
[BlackElo "1850"]

1. d4 d5 2. c4 e6 3. Nc3 Nf6 4. Bf4 Bd6 5. Qd2 c6 6. b3 Bb4 7. f3 Qa5 8. Rc1
Nbd7 9. e3 O-O 10. Bd3 a6 11. Nge2 b5 12. c5 Nh5 13. Bd6 Re8 14. O-O f5 15. e4
fxe4 16. fxe4 Qd8 17. Nf4 Nhf6 18. Qe3 Ba5 19. e5 Bxc3 20. Rxc3 Qa5 21. Rc2 Ng4
0-1

[Event "Let's Play Chess!"]
[Site "http://www.queenalice.com/game.php?id=1532329"]
[Date "2018.6.23"]
[Round "-"]
[White "igorjava"]
[Black "Orm34"]
[Result "1-0"]
[WhiteElo "1844"]
[BlackElo "1589"]

1. e4 e6 2. d4 d5 3. e5 c5 4. c3 Nc6 5. a3 Bd7 6. Nf3 Qb6 7. b3 Nge7 8. b4 c4 9.
Be2 a5 10. Bb2 Nf5 11. O-O Be7 12. Nbd2 O-O 13. Ne1 f6 14. Ndf3 fxe5 15. Nxe5
Be8 16. Bg4 Bd6 17. N1f3 Qc7 18. Qe2 Nce7 19. Ng5 Rf6 20. f4 Ng6 21. Nxe6 Rxe6
22. Bxf5 Rf6 23. Bxg6 Bxg6 24. Qg4 1-0

[Event "Challenge"]
[Site "http://www.queenalice.com/game.php?id=1532368"]
[Date "2018.6.23"]
[Round "-"]
[White "Orm34"]
[Black "dejami"]
[Result "1-0"]
[WhiteElo "1568"]
[BlackElo "1685"]

1. d4 e6 2. Nf3 Bb4+ 3. c3 Bf8 4. Bf4 f6 5. e4 Ne7 6. Nbd2 Ng6 7. Bg3 Nc6 8. Bd3
Nge7 9. h4 h5 10. O-O d6 11. Re1 e5 12. Nf1 Bg4 13. Re3 a6 14. N1h2 Nc8 15. Nxg4
hxg4 16. Nh2 Nb6 17. Nxg4 exd4 18. Rf3 Qd7 19. Rf4 Na4 20. Qxa4 Na7 21. Qxd7+
Kxd7 22. cxd4 Nc6 23. e5 dxe5 24. dxe5 Rd8 25. exf6 Kc8 26. fxg7 Bxg7 27. Rf7
Bxb2 28. Bf5+ Kb8 29. Rb1 Bd4 30. Be4 Rhe8 31. Bxc6 Re1+ 32. Rxe1 bxc6 33. Rxc7
Ka8 34. Rxc6 Ka7 35. Re7+ Ka8 36. Rxa6+ Ba7 37. Raxa7# 1-0

[Event "Challenge"]
[Site "http://www.queenalice.com/game.php?id=1532369"]
[Date "2018.6.23"]
[Round "-"]
[White "dejami"]
[Black "Orm34"]
[Result "0-1"]
[WhiteElo "1688"]
[BlackElo "1546"]

1. e4 c5 2. Bc4 Nc6 3. Qf3 Nf6 4. c3 e6 5. g4 Be7 6. d4 d5 7. exd5 exd5 8. Bb5
Bxg4 9. Qd3 O-O 10. h3 Bh5 11. Rh2 Re8 12. Rg2 Bd6+ 13. Kf1 c4 14. Qd2 Ne4 15.
Qc2 Bg6 16. Qd1 Re6 17. Ba4 f5 18. Bc2 Qe7 19. Bxe4 fxe4 20. Bg5 Qf7 21. Be3 Ne7
22. Nd2 Rf8 23. Ne2 Nf5 24. Nf4 Bxf4 25. Bxf4 e3 0-1